Loading...
| Science - Physics | 0 | 6 | 1 | 0 | 55 | 62 | 87.67 | 0 | 2 | 0.00 | 0.00 |
| History - American | 0 | 5 | 0 | 1 | 50 | 58 | 84.20 | 0 | 2 | 0.00 | 0.00 |
| History - European | 0 | 4 | 0 | 3 | 40 | 96 | 111.50 | 0 | 0 | 0.00 | 0.00 |
| Social Science | 0 | 4 | 0 | 1 | 40 | 56 | 82.75 | 0 | 2 | 0.00 | 0.00 |
| Science - Other | 0 | 5 | 3 | 2 | 35 | 56 | 89.80 | 0 | 2 | 0.00 | 0.00 |
| Science - Chemistry | 0 | 4 | 2 | 0 | 30 | 46 | 64.00 | 1 | 4 | 0.00 | 0.00 |
| Fine Arts - Painting and Sculpture | 0 | 3 | 0 | 1 | 30 | 70 | 103.00 | 0 | 2 | 0.00 | 0.00 |
| Science - Biology | 0 | 2 | 0 | 0 | 20 | 41 | 51.00 | 1 | 2 | 0.00 | 0.00 |
| History - World | 0 | 1 | 0 | 0 | 10 | 89 | 89.00 | 0 | 0 | 0.00 | 0.00 |
| History - Other | 0 | 1 | 0 | 1 | 10 | 122 | 122.00 | 0 | 0 | 0.00 | 0.00 |
| Literature - European | 0 | 1 | 0 | 0 | 10 | 110 | 110.00 | 0 | 0 | 0.00 | 0.00 |
| Geography | 0 | 1 | 0 | 0 | 10 | 49 | 49.00 | 0 | 1 | 0.00 | 0.00 |
| Fine Arts - Other | 0 | 1 | 0 | 1 | 10 | 130 | 130.00 | 0 | 0 | 0.00 | 0.00 |
| Literature - American | 0 | 1 | 1 | 1 | 5 | 141 | 141.00 | 0 | 0 | 0.00 | 0.00 |
| Religion | 0 | 0 | 1 | 0 | -5 | 0.00 | 0 | 0 | 0.00 | 0.00 | |
| Current Events | 0 | 0 | 1 | 0 | -5 | 0.00 | 0 | 0 | 0.00 | 0.00 |